| 000 | 00388nam a2200157Ia 4500 | ||
|---|---|---|---|
| 005 | 20250701031757.0 | ||
| 008 | 240331s9999 xx 000 0 und d | ||
| 020 | _a9789559597322 | ||
| 082 |
_bFER _a808 |
||
| 100 | _aFernando,I.S | ||
| 245 | 0 | _aNohanduna gahanu | |
| 260 |
_aColombo _bMinistry of Religious Affairs and Moral _c2007 |
||
| 300 | _a151 p ., | ||
| 650 | _aWoman | ||
| 942 | _cL | ||
| 999 |
_c5203 _d5203 |
||